Policy and Governance in Sport : issues, organizations, and practical application /

"Policy and Governance in Sport addresses governance structures of sport organizations as well as policy issues pertaining to those organizations. The chapters, written by leading scholars, address characteristics associated with the governance of sport, sport ethics, collegiate governance, com...

Full description

Bibliographic Details
Other Authors: Lee, Jason W. (Editor), Hardin, Robin (Editor)
Format: Book
Language:English
Published: Durham, North Carolina : Carolina Academic Press, [2015]
Subjects:

MARC

Tag First Indicator Second Indicator Subfields
LEADER 00000cam a22000004i 4500
001 in00003529413
005 20150617153301.0
008 140922s2015 ncu b 001 0 eng
010 |a  2014037533 
035 |a (OCoLC)ocn898029226 
040 |a DLC  |b eng  |e rda  |c DLC  |d BTCTA  |d YDXCP  |d ZID  |d CDX  |d OCLCF  |d CLE 
019 |a 902020915  |a 904539736 
020 |a 9781594605345 (alk. paper) 
020 |a 1594605343 (alk. paper) 
035 |a (OCoLC)898029226 
042 |a pcc 
050 0 0 |a GV713  |b .P63 2015 
082 0 0 |a 796.06/9  |2 23 
049 |a TXAM 
245 0 0 |a Policy and Governance in Sport :  |b issues, organizations, and practical application /  |c edited by Jason W. Lee and Robin Hardin. 
264 1 |a Durham, North Carolina :  |b Carolina Academic Press,  |c [2015] 
300 |a ix, 229 pages ;  |c 23 cm 
336 |a text  |b txt  |2 rdacontent 
337 |a unmediated  |b n  |2 rdamedia 
338 |a volume  |b nc  |2 rdacarrier 
504 |a Includes bibliographical references and index. 
505 0 |a Introduction and defining sport governance -- Ethics and ethical decision making in sport -- Governance of collegiate sport -- The business of big-time college athletics -- North American professional sports: creating a competitive balance -- Moving towards equity: women in sport -- The Olympic movement -- The globalization of sport -- Adapted sport: a snapshot -- Human rights, fairness, and personal freedoms in sport: further perspectives. 
520 |a "Policy and Governance in Sport addresses governance structures of sport organizations as well as policy issues pertaining to those organizations. The chapters, written by leading scholars, address characteristics associated with the governance of sport, sport ethics, collegiate governance, competitive balance, the Olympic Movement, disability sport issues, commercialization of sport, gender equity, globalization, nationalism, and human rights in sport. These discussions lead to addressing a wide assortment of policy consideration and analyses of problematic areas that arise in sport. This identification and further analysis of sport policy initiatives allow readers to look inside the interworking of sport organizations while gaining an appreciation for the intricacies of those organizations." -- Back Cover 
650 0 |a Sports administration. 
650 0 |a Sports  |x Social aspects. 
650 7 |a Sports administration.  |2 fast  |0 (OCoLC)fst01130552 
650 7 |a Sports  |x Social aspects.  |2 fast  |0 (OCoLC)fst01130525 
700 1 |a Lee, Jason W.,  |e editor. 
700 1 |a Hardin, Robin,  |e editor. 
938 |a Baker and Taylor  |b BTCP  |n BK0016435998 
938 |a YBP Library Services  |b YANK  |n 12260596 
938 |a Coutts Information Services  |b COUT  |n 30323087 
947 |a A14842872096 
945 |a PromptCat  |b 226320 
946 |a stk 
994 |a 92  |b TXA 
948 |a Cataloged  |b h  |c 2015/6/17  |d c  |e AReeder  |  f 3:32:58 PM 
999 f f |s b598b296-9bd6-33bf-a709-3b8771655452  |i d7f7741b-f4a6-31d0-86d7-e20a3675d5b8  |t 0 
952 f f |p normal  |a Texas A&M University  |b College Station  |c Sterling C. Evans Library  |s Evans stk  |d Evans: Library Stacks  |t 0  |e GV713 .P63 2015  |h Library of Congress classification  |i unmediated -- volume  |m A14842872096 
998 f f |a GV713 .P63 2015  |t 0  |l Evans: Library Stacks